000 01072nam a2200229Ia 4500
001 14994
005 20260409150532.0
008 260306t2009||||xx |||||||||||||| ||spa||
041 _aESP
082 _a519.53
_bT69
100 _aTomeo Perrucha, Venancio
_eAUT
245 0 _aEstadística descriptiva
260 _c2009
300 _a331 páginas :
_c26 cm.
650 _aGEN
654 _aCII
856 _uhttps://itmsp.museknowledge.com/UCSP?url=https://www.ebooks7-24.com:443/?il=7575&pg=1
_zVéase además: Estadística descriptiva, por Dolores Sarrión Gavilán. Versión digital
856 _uhttps://0u213vsqc-y-https-ebooks7--24-com.itmsp.museknowledge.com/biblioteca.aspx
_zVéase además: Base de datos Ebook7-24
856 _uhttps://0u20fvsqj-y-https-research-ebsco-com.itmsp.museknowledge.com/c/qxo6us/search
_zVéase además: Base de datos EBSCOhost
856 _uhttps://0u20vvsoo-y-https-ebookcentral-proquest-com.itmsp.museknowledge.com/lib/catolicasp/home.action
_zVéase además: Base de datos ProQuest Ebook Central
942 _cLIB
_dJUS
_fJUS
_2ddc
999 _c14994
_d14994